MARC

LEADER 00000nam0a2200000 4500
001 362345
005 20231102011500.0
035 |a (RuTPU)RU\TPU\retro\19691 
035 |a RU\TPU\retro\19633 
090 |a 362345 
100 |a 20210723d1963 k y0rusy50 ca 
101 0 |a rus 
102 |a RU 
105 |a a z 001zy 
200 1 |a Исследования по люминесценции  |e [сборник статей]  |f Академия наук СССР, Физический институт им. П. Н. Лебедева ; отв. ред. Д. В. Скобельцын 
210 |a Москва  |c Изд-во АН СССР  |d 1963 
215 |a 168 с.  |c ил. 
225 1 |a Труды физического института им. П. Н. Лебедева (ФИАН)  |v Т. 23 
320 |a Библиогр. в конце ст. 
320 |9 572  |a Библиографический указатель работ сотрудников Лаборатории люминесценции, 1934-1961 гг.: с. 136-163 
320 |9 572  |a Алфавитный указатель: с. 164-166 
606 1 |a Люминесценция  |x (оптика)  |2 stltpush  |3 (RuTPU)RU\TPU\subj\71064  |9 85127 
610 1 |a исследования 
610 1 |a электролюминесценция 
610 1 |a кристаллы 
610 1 |a ионизация 
610 1 |a осцилляторы 
610 1 |a люминофоры 
610 1 |a электроны 
610 1 |a рассеяние 
610 1 |a спектры 
610 1 |a свечение 
675 |a 535.37  |v 4 
702 1 |a Скобельцын  |b Д. В.  |c российский физик  |f 1892-1990  |g Дмитрий Владимирович  |2 stltpush  |3 (RuTPU)RU\TPU\pers\15052  |4 340  |9 5154 
712 0 2 |a Академия наук СССР  |b Физический институт им. П. Н. Лебедева  |c (Москва)  |2 stltpush  |3 (RuTPU)RU\TPU\col\13766  |9 25779 
801 1 |a RU  |b 63413507  |c 20200914 
801 2 |a RU  |b 63413507  |c 20210723  |g RCR 
942 |c BK